Derecho laboral aplicado : (Registro nro. 19705)
[ vista simple ]
| 000 -LEADER | |
|---|---|
| fixed length control field | 00999cam a2200253 a 4500 |
| 005 - DATE AND TIME OF LATEST TRANSACTION | |
| control field | 20250331184435.0 |
| 008 - FIXED-LENGTH DATA ELEMENTS--GENERAL INFORMATION | |
| fixed length control field | 140421s2019 ck gr 001 0 spa |
| 015 ## - NATIONAL BIBLIOGRAPHY NUMBER | |
| National bibliography number | ck-2014-xxxx |
| 020 ## - INTERNATIONAL STANDARD BOOK NUMBER | |
| International Standard Book Number | 978-958-769-888-6 |
| 040 ## - CATALOGING SOURCE | |
| Original cataloging agency | CO-CtgCURN |
| Language of cataloging | spa |
| Transcribing agency | coctgcurn |
| 082 04 - DEWEY DECIMAL CLASSIFICATION NUMBER | |
| Classification number | 344.86101 |
| Item number | I76 |
| Edition information | 23 |
| 100 1# - MAIN ENTRY--PERSONAL NAME | |
| Personal name | Isaza Cadavid, Germán. |
| 245 10 - TITLE STATEMENT | |
| Title | Derecho laboral aplicado : |
| Remainder of title | derecho laboral general, individual y colectivo, seguridad social y pensiones, procedimiento laboral / |
| Statement of responsibility, etc. | Germán Isaza Cadavid. |
| 250 ## - EDITION STATEMENT | |
| Edition statement | Decimo octava edicion. |
| 260 ## - PUBLICATION, DISTRIBUTION, ETC. | |
| Place of publication, distribution, etc. | Bogotá : |
| Name of publisher, distributor, etc. | Leyer, |
| Date of publication, distribution, etc. | 2019. |
| 300 ## - PHYSICAL DESCRIPTION | |
| Extent | xxxii, 874 paginas ; |
| Dimensions | 25 cm. |
| 500 ## - GENERAL NOTE | |
| General note | Incluye índice alfabético de materias. |
| 596 ## - | |
| -- | 7 |
| 650 14 - SUBJECT ADDED ENTRY--TOPICAL TERM | |
| Topical term or geographic name entry element | Derecho laboral |
| Geographic subdivision | Colombia. |
| 650 24 - SUBJECT ADDED ENTRY--TOPICAL TERM | |
| Topical term or geographic name entry element | Procedimiento laboral |
| Geographic subdivision | Colombia. |
| 942 ## - ADDED ENTRY ELEMENTS (KOHA) | |
| Institution code [OBSOLETE] | BK |
| Koha item type | Libros |
| Classification part | 344.86101 |
| Item part | I76 |
| Source of classification or shelving scheme | Dewey Decimal Classification |
| 990 ## - EQUIVALENCES OR CROSS-REFERENCES [LOCAL, CANADA] | |
| Link information for 9XX fields | 2014-4946 |
| Link information for field corresponding to 9XX field | Leyer |
| -- | 2 ejemplares |
| -- | 21 |
| -- | 21/04/2014 |
| -- | a922403 |
| -- | 10/04/2014 |
| -- | 10/04/2014 |
| Withdrawn status | Lost status | Source of classification or shelving scheme | Damaged status | Not for loan | Collection | Home library | Current library | Shelving location | Date acquired | Inventory number | Total checkouts | Full call number | Barcode | Date last seen | Copy number | Price effective from | Koha item type | Public note |
|---|---|---|---|---|---|---|---|---|---|---|---|---|---|---|---|---|---|---|
| Dewey Decimal Classification | General | Miguel Henríquez Castañeda | Miguel Henríquez Castañeda | General | 10/10/2019 | 022946 | 344.86101 I76 | 022946 | 03/31/2025 | ej.1 | 03/31/2025 | Libros | 340-DEREC |